| 000 | 00337nam a2200133 a 4500 | ||
|---|---|---|---|
| 005 | 20260217094050.0 | ||
| 008 | 260213s2026##################000#0#eng## | ||
| 020 | _a9781849710206 | ||
| 082 | 0 | 4 |
_a333.95316094 _bVEL |
| 100 | _aVellve, Renee | ||
| 245 | 1 | 0 |
_aSaving the Seed _cRenee Vellve |
| 260 | _aRoutledge, 2009. | ||
| 942 | _cENGLISH | ||
| 999 |
_c612219 _d612219 |
||